| 000 | 00000nam 2200000zi 4500 |
| 001 | 9.945350 |
| 003 | CaOODSP |
| 005 | 20241128113906 |
| 006 | m o d f |
| 007 | cr bn||||||||| |
| 008 | 241119t20242024onc oz f000 0 fre d |
| 020 | |a9780660745794 |
| 040 | |aCaOODSP|bfre|erda|cCaOODSP |
| 041 | 0 |afre|aeng |
| 043 | |an-cn---|as-ck--- |
| 086 | 1 |aFR4-2024/21-PDF |
| 130 | 0 |aAccord sur le transport aérien entre le Canada et la République de Colombie |d(2017 octobre 30) |
| 245 | 10|aColombia / Air - Agreement between Canada and the Republic of Colombia on Air Transport = |bColombie / Air - Accord sur le transport aérien entre le Canada et la République de Colombie. |
| 246 | 31|aColombie / Air - Accord sur le transport aérien entre le Canada et la République de Colombie |
| 264 | 1|a[Ottawa] : |bTreaty Law Division of the Department of Foreign Affairs, Trade and Development = Direction du droit des traités du Ministère des affaires étrangères, du commerce et du développement, |c[2024] |
| 264 | 4|a©2024 |
| 300 | |a1 ressource en ligne (23, 23 pages). |
| 336 | |atexte|btxt|2rdacontent/fre |
| 337 | |ainformatique|bc|2rdamedia/fre |
| 338 | |aressource en ligne|bcr|2rdacarrier/fre |
| 490 | 1 |aTreaty series = |aRecueil des traités ; |v2024/21 |
| 500 | |a« Fait à Ottawa le 30 octobre 2017. En vigueur le 12 août 2024. » |
| 500 | |aNumérotation répétée sur les pages suppléants. |
| 546 | |aTexte en anglais et en français. |
| 650 | 6|aTransports aériens|xDroit|zCanada|vLégislation. |
| 650 | 6|aTransports aériens|xDroit|zColombie|vLégislation. |
| 651 | 6|aCanada|xRelations extérieures|vTraités. |
| 651 | 6|aColombie|xRelations extérieures|vTraités. |
| 655 | 7|aTraiteĢs|2rvmgf |
| 710 | 1 |aCanada. |bAffaires mondiales Canada. |bDirection du droit des traités, |eorganisme de publication. |
| 710 | 1 |aCanada, |eparticipant à un traité. |
| 710 | 1 |aColombie, |eparticipant à un traité. |
| 788 | |tColombia / Air - Agreement between Canada and the Republic of Colombia on Air Transport = |eeng|w(CaOODSP)9.945349 |
| 830 | #0|aCanada treaty series ;|v2024/21.|w(CaOODSP)9.811738 |
| 856 | 40|qPDF|s2.17 Mo|uhttps://publications.gc.ca/collections/collection_2024/amc-gac/FR4-2024-21.pdf |